| 000 | 00805nam a2200229 a 4500 | ||
|---|---|---|---|
| 005 | 20240215063836.0 | ||
| 008 | 020423s2004 mx r 000 0 spa d | ||
| 020 | _a9701039491 | ||
| 035 | _aUPN01000132501 | ||
| 049 | _aCG | ||
| 050 | 4 |
_aHD31 _bK6.2 2004 |
|
| 100 | 1 |
_aKoontz, Harold, _d1908-1984 _928838 |
|
| 245 | 1 | 0 |
_aAdministración : _buna perspectiva global / _cHarold Koontz, Heinz Weihrich ; tr. Enrique Palos Báez ; rev. y adap. Francisco López Herrera. |
| 250 | _a12a ed. | ||
| 260 |
_aMéxico : _bMcGraw-Hill Interamericana, _c2004. |
||
| 300 |
_axxviii, 804 p. : _bil. |
||
| 534 |
_pTraducción de: _tManagement : a global perspective |
||
| 650 | 4 |
_aAdministración _928 |
|
| 650 | 2 |
_aAdministración _xEstudio y enseñanza _9423 |
|
| 700 | 1 |
_aWeihrich, Heinz, _ecoaut. |
|
| 905 | _aLibro | ||
| 999 |
_c104655 _d104655 |
||